Ngorongoro's first visitor : (Record no. 120736)
[ view plain ]
| 000 -LEADER | |
|---|---|
| fixed length control field | 01295cam a2200349 i 4500 |
| 001 - CONTROL NUMBER | |
| control field | 2536600 |
| 003 - CONTROL NUMBER IDENTIFIER | |
| control field | ARRUPE |
| 005 - DATE AND TIME OF LATEST TRANSACTION | |
| control field | 20140612135054.0 |
| 008 - FIXED-LENGTH DATA ELEMENTS--GENERAL INFORMATION | |
| fixed length control field | 750903s1963 ug a 000 0aeng |
| 010 ## - LIBRARY OF CONGRESS CONTROL NUMBER | |
| LC control number | 75512473 //r97 |
| 020 ## - INTERNATIONAL STANDARD BOOK NUMBER | |
| Terms of availability | 5/- |
| 035 ## - SYSTEM CONTROL NUMBER | |
| System control number | (OCoLC)ocm01677096 |
| 035 ## - SYSTEM CONTROL NUMBER | |
| System control number | (NNC)2536600 |
| 040 ## - CATALOGING SOURCE | |
| Original cataloging agency | DLC |
| Transcribing agency | DLC |
| Modifying agency | ZCU |
| 041 1# - LANGUAGE CODE | |
| Language code of text/sound track or separate title | engger |
| 043 ## - GEOGRAPHIC AREA CODE | |
| Geographic area code | f-tz--- |
| 050 00 - LIBRARY OF CONGRESS CALL NUMBER | |
| Classification number | DT439 |
| Item number | .B33213 1969 |
| 082 00 - DEWEY DECIMAL CLASSIFICATION NUMBER | |
| Classification number | 916.78/26 |
| 090 ## - LOCALLY ASSIGNED LC-TYPE CALL NUMBER (OCLC); LOCAL CALL NUMBER (OCLC) | |
| Classification number (OCLC) (R) ; Classification number, CALL (RLIN) (NR) | DT439 |
| Local cutter number (OCLC) ; Book number/undivided call number, CALL (RLIN) | .B313 1963 |
| 300 ## - PHYSICAL DESCRIPTION | |
| Other physical details | ill. ; |
| Dimensions | 22 cm. |
| 100 1# - MAIN ENTRY--PERSONAL NAME | |
| Personal name | Baumann, Oskar, |
| Dates associated with a name | 1864-1899. |
| 9 (RLIN) | 10927 |
| 240 10 - UNIFORM TITLE | |
| Uniform title | <a href="Durch Massailand zur Nilquelle.">Durch Massailand zur Nilquelle.</a> |
| Form subheading | Selections. |
| Language of a work | English |
| 245 10 - TITLE STATEMENT | |
| Title | Ngorongoro's first visitor : |
| Remainder of title | being an annotated and illustrated translation from Dr. O. Baumann's Durch Mas[s]ailand zur Nilquelle = Through Masailand to the source of the Nile / |
| Statement of responsibility, etc | translated by G. E. Organ ; and annotated by H. A. Fosbrooke. |
| 260 ## - PUBLICATION, DISTRIBUTION, ETC. (IMPRINT) | |
| Place of publication, distribution, etc | Kampala : |
| Name of publisher, distributor, etc | East African Literature Bureau, |
| Date of publication, distribution, etc | 1963, 1969 printing. |
| 300 ## - PHYSICAL DESCRIPTION | |
| Extent | v, 25 p. : |
| 490 1# - SERIES STATEMENT | |
| Series statement | Ngorongoro conservation area booklets |
| 600 10 - SUBJECT ADDED ENTRY--PERSONAL NAME | |
| Personal name | Baumann, Oskar, |
| Dates associated with a name | 1864-1899. |
| 9 (RLIN) | 10928 |
| 651 #0 - SUBJECT ADDED ENTRY--GEOGRAPHIC NAME | |
| Geographic name | Tanzania |
| General subdivision | Description and travel. |
| 9 (RLIN) | 10929 |
| 651 #0 - SUBJECT ADDED ENTRY--GEOGRAPHIC NAME | |
| Geographic name | Ngorongoro Crater (Tanzania) |
| 9 (RLIN) | 10930 |
| 830 #0 - SERIES ADDED ENTRY--UNIFORM TITLE | |
| Uniform title | Ngorongoro conservation area booklets. |
| 9 (RLIN) | 10931 |
| 942 ## - ADDED ENTRY ELEMENTS (KOHA) | |
| Source of classification or shelving scheme | Library of Congress Classification |
| Koha item type | SPC |
| Withdrawn status | Lost status | Source of classification or shelving scheme | Damaged status | Not for loan | Collection code | Home library | Current library | Shelving location | Date acquired | Total Checkouts | Full call number | Barcode | Date last seen | Price effective from | Koha item type |
|---|---|---|---|---|---|---|---|---|---|---|---|---|---|---|---|
| Library of Congress Classification | SPECIAL Collection | ARRUPE LIBRARY | ARRUPE LIBRARY | Main Collection | 12/06/2014 | SPCDT439 .B33213 1969 | 46500000541 | 12/06/2014 | 12/06/2014 | SPC |